000 002720000a22000970004500
100 1 _aSoto Villegas, José
245 1 0 _aEl contexto histórico del Nuevo Testamento
300 _aVol. 55, Núm 247 (2000), Páginas 15-20
773 0 _tLa Biblia de las Américas
942 _cANA
999 _c51586
_d51586